Statistiques concernant Les 30 pays les moins visités dans le monde

Cliquez ici pour prendre le quiz!

Statistiques générales

  • Ce quiz a été pris 133 fois
    (58 depuis la dernière actualisation)
  • Le résultat moyen est 13 sur 30

Statistiques - réponses

Rang
Nbre de
visiteurs
InitialePays% Correct
2- 500YYémen
83%
28env. 100000CCorée-du-Nord
74%
1- 100SSomalie
68%
6env. 5500SSoudan du sud
60%
13env. 20000AAfghanistan
55%
18env. 45000GGuinée
47%
11env. 14000MMali
47%
10env. 9000TTurkménistan
47%
29env. 142000EErythrée
45%
5env. 4000KKiribati
45%
26env. 84000SSaint Marin
43%
21env. 54000TTonga
43%
20env. 51000DDjibouti
42%
15env. 30000MMauritanie
42%
24env. 75000TTimor Oriental
42%
3- 1000GGuinée équatoriale
40%
8env. 6000LLibye
40%
4env. 2000TTuvalu
40%
16env. 36000CComores
38%
17env. 45000LLiberia
38%
22env. 57000SSierra Leone
36%
19env. 45000GGuinée Bissau
34%
27env. 85000LLiechtenstein
34%
12env. 19000MMicronésie
32%
7env. 6000MMarshall
28%
14env. 27000SSalomon
28%
30env. 145000MMoldavie
26%
25env. 80000SSaint Vincent et les Grenadines
26%
9env. 8000SSao Tomé et Principe
26%
23env. 63000DDominique
19%

Distribution des résultats

Percentile par nombre de réponses

% des personnes avec chaque résultat

Votre développement - résultats

Vous n’avez pas pris ce quiz depuis la dernière actualisation